مكتبة جامعة عجلون الوطنية

فهرس بحث المكتبة

الكتاب المقدس : اسفار العهدين القديم والجديد (Record no. 33473)

MARC details
000 -LEADER
fixed length control field 00715nam a22002057a 4500
003 - CONTROL NUMBER IDENTIFIER
control field JO-AjAnu
005 - DATE AND TIME OF LATEST TRANSACTION
control field 20240430093632.0
008 - FIXED-LENGTH DATA ELEMENTS--GENERAL INFORMATION
fixed length control field 240429b jo ||||| |||| 00| 0 ara d
040 ## - CATALOGING SOURCE
Original cataloging agency JO-AjAnu
Transcribing agency anu
041 #1 - LANGUAGE CODE
Language code of original ara
100 ## - MAIN ENTRY--PERSONAL NAME
Personal name فاندايك
Relator term مترجم
9 (RLIN) 65394
130 ## - MAIN ENTRY--UNIFORM TITLE
Uniform title الكتاب المقدس
9 (RLIN) 65392
245 20 - TITLE STATEMENT
Title الكتاب المقدس : اسفار العهدين القديم والجديد
250 ## - EDITION STATEMENT
Edition statement طبعة منقحة 1991
260 ## - PUBLICATION, DISTRIBUTION, ETC.
Place of publication, distribution, etc. Finland :
Name of publisher, distributor, etc. Saarijarven Offset Oy Saarijarvi ،
Date of publication, distribution, etc. 2012
300 ## - PHYSICAL DESCRIPTION
Extent 432 صفحه
650 7# - SUBJECT ADDED ENTRY--TOPICAL TERM
Form subdivision الكتب السماوية-المسيحية-اليهودية
700 ## - ADDED ENTRY--PERSONAL NAME
Personal name البستاني
Relator term مترجم مشارك
9 (RLIN) 65395
942 ## - ADDED ENTRY ELEMENTS (KOHA)
Source of classification or shelving scheme Library of Congress Classification
Koha item type Reference
Suppress in OPAC No
Holdings
Withdrawn status Lost status Source of classification or shelving scheme Damaged status Not for loan Home library Current library Date acquired Total Checkouts Full call number Barcode Date last seen Price effective from Koha item type
    Library of Congress Classification     مكتبة جامعة عجلون الوطنية مكتبة جامعة عجلون الوطنية 29/04/2024   BS315.A6.2012 A29540 29/04/2024 29/04/2024 Reference